Droit civil

Guardat en:
Dades bibliogràfiques
Autor principal: Carbonnier, Jean (Autor)
Format: Llibre
Idioma:francès
Publicat: París Presse Universitaires de France 2004
Edició:1a. ed
Col·lecció:Quadrige Manuels
Matèries:
Etiquetes: Afegir etiqueta
Sense etiquetes, Sigues el primer a etiquetar aquest registre!

MARC

LEADER 00000nam a2200000 a 4500
001 UCH4734
003 CL-VaPUC
008 090903e20040000FR |||||||||||||||||fre|d
020 |a 2140547397 
082 0 4 |a 346.44  |b CAR  |2 21 
100 0 |a Carbonnier, Jean  |e author  |9 540623 
245 1 0 |a Droit civil 
250 |a 1a. ed 
300 |a 2 v 
942 |c BK 
945 |d 20090903 00:00:00  |a rbrito 
260 |a París  |b Presse Universitaires de France  |c 2004 
650 0 |a Derecho civil  |9 255013 
650 7 |a INCAPACIDAD LEGAL  |2 CL-VaPUC  |9 400890 
650 0 |a Filiación  |9 256647 
650 7 |a CASAMIENTO  |2 CL-VaPUC  |9 540624 
650 7 |a MATRIMONIO  |2 CL-VaPUC  |9 540625 
650 7 |a CONCUBINATO  |2 CL-VaPUC  |9 385384 
650 0 |a Obligaciones   |9 255578 
650 7 |a CONTRATO DE MATRIMONIO  |2 CL-VaPUC  |9 540626 
650 7 |a INCAPACIDAD   |2 CL-VaPUC  |9 399135 
583 |a last modification  |c 20090903 00:00:00  |k Rodrigo Vera 
490 0 |a Quadrige Manuels 
999 |c 336005  |d 336003 
952 |0 0  |1 0  |4 0  |6 346_440000000000000_CAR_2004  |7 0  |8 A  |9 426868  |a BIBDER  |b BIBDER  |d 2019-11-22  |h v.1  |i 4597710  |o 346.44 CAR 2004  |p 4597710  |r 2023-01-25  |w 2019-11-22  |y BK  |k DER 
952 |0 0  |1 0  |4 0  |6 346_440000000000000_CAR_2004  |7 0  |8 A  |9 426869  |a BIBDER  |b BIBDER  |d 2019-11-22  |h v.2  |i 4597729  |o 346.44 CAR 2004  |p 4597729  |r 2023-01-25  |w 2019-11-22  |y BK  |k DER 
952 |0 0  |1 0  |4 0  |6 346_440000000000000_CAR_2004  |7 0  |8 A  |9 426870  |a BIBDER  |b BIBDER  |d 2019-11-22  |h v.1  |i 476336K  |o 346.44 CAR 2004  |p 476336K  |r 2023-01-25  |w 2019-11-22  |y BK  |k DER 
952 |0 0  |1 0  |4 0  |6 346_440000000000000_CAR_2004  |7 0  |8 A  |9 426871  |a BIBDER  |b BIBDER  |d 2019-11-22  |h v.2  |i 4763378  |o 346.44 CAR 2004  |p 4763378  |r 2023-01-25  |w 2019-11-22  |y BK  |k DER